[Event "Styrian op U14/18 26th"]
[Site "Mureck"]
[Date "2019.07.31"]
[Round "1"]
[White "Avilova, Yulia"]
[Black "Linhofer, Christoph"]
[Result "1-0"]
[WhiteElo "1602"]
[BlackElo "1191"]
[PlyCount "119"]
[EventDate "2019.07.31"]
[EventType "swiss"]
[EventRounds "9"]
[EventCountry "AUT"]
[SourceTitle "EXT 2020"]
[Source "ChessBase"]
[SourceDate "2019.10.17"]
[SourceVersion "1"]
[SourceVersionDate "2019.10.17"]
[SourceQuality "1"]

1. Nf3 d5 2. e3 Nc6 3. d4 Nf6 4. c4 e6 5. Nc3 Bb4 6. Bd2 0-0 7. h3 Bxc3 8. Bxc3 Re8 9. Be2 Ne4 10. 0-0 Nxc3 11. bxc3 b6 12. cxd5 exd5 13. Bb5 Bd7 14. Rc1 a6 15. Ba4 b5 16. Bb3 Be6 17. a4 Ne7 18. Qe2 c6 19. axb5 axb5 20. Ra1 Qd7 21. Bc2 Bf5 22. Ne5 Qe6 23. e4 Bxe4 24. Bxe4 dxe4 25. Qxe4 f6 26. Qg4 Qxg4 27. Nxg4 Nd5 28. Rac1 h5 29. Ne3 Nxe3 30. fxe3 Rxe3 31. c4 b4 32. Rb1 b3 33. Rf3 Rxf3 34. gxf3 Rb8 35. Kf2 Kf7 36. Ke3 Ke6 37. Kd3 Kf5 38. Kc3 Kf4 39. Rxb3 Rxb3+ 40. Kxb3 Kxf3 41. d5 cxd5 42. cxd5 f5 43. d6 f4 44. d7 Kg2 45. d8Q f3 46. Qd5 Kf2 47. Qxh5 Ke3 48. Qg5+ Ke2 49. Qxg7 f2 50. Qg2 Ke1 51. Qxf2+ Kxf2 52. h4 Kg3 53. h5 Kg4 54. h6 Kg5 55. h7 Kg6 56. h8Q Kg5 57. Qe5+ Kg6 58. Kc4 Kh7 59. Qg5 Kh8 60. Kd5 1-0

[Event "Styrian op U14/18 25th"]
[Site "Mureck"]
[Date "2018.08.02"]
[Round "2"]
[White "Linhofer, Christoph"]
[Black "Mensah, Aidan"]
[Result "1-0"]
[WhiteElo "1079"]
[BlackElo "876"]
[PlyCount "51"]
[EventDate "2018.08.01"]
[EventType "swiss"]
[EventRounds "9"]
[EventCountry "AUT"]
[SourceTitle "CBM 186 Extra"]
[Source "ChessBase"]
[SourceDate "2018.08.24"]
[SourceVersion "1"]
[SourceVersionDate "2018.08.24"]
[SourceQuality "1"]

1. e4 e5 2. Nf3 Nc6 3. Bc4 Bc5 4. c3 Nf6 5. d4 Bd6 6. dxe5 Nxe5 7. Nxe5 Bxe5 8. 0-0 Nxe4 9. Re1 Qh4 10. g3 Qf6 11. Rxe4 0-0 12. Bf4 Re8 13. Qd4 d6 14. Bxe5 dxe5 15. Qd1 Bf5 16. Re3 Rad8 17. Qe2 h6 18. Na3 a6 19. Rd1 Rd7 20. Rxd7 Bxd7 21. f4 Bh3 22. fxe5 Rxe5 23. Rxe5 Qb6+ 24. Qf2 Qd6 25. Qxf7+ Kh8 26. Qg8# 1-0

[Event "Styrian op U14/18 25th"]
[Site "Mureck"]
[Date "2018.08.01"]
[Round "1"]
[White "Wendl, Paul"]
[Black "Linhofer, Christoph"]
[Result "1-0"]
[WhiteElo "1377"]
[BlackElo "1079"]
[PlyCount "93"]
[EventDate "2018.08.01"]
[EventType "swiss"]
[EventRounds "9"]
[EventCountry "AUT"]
[SourceTitle "CBM 186 Extra"]
[Source "ChessBase"]
[SourceDate "2018.08.24"]
[SourceVersion "1"]
[SourceVersionDate "2018.08.24"]
[SourceQuality "1"]

1. e4 e5 2. Nf3 Nc6 3. Bc4 Bc5 4. d3 h6 5. 0-0 Nf6 6. h3 0-0 7. Re1 d6 8. c3 Be6 9. Nbd2 a6 10. Bb3 b5 11. Nf1 Re8 12. Ng3 Qd7 13. Nh4 d5 14. Qf3 dxe4 15. dxe4 Bxb3 16. axb3 a5 17. Ngf5 Ne7 18. Qg3 g5 19. Nxh6+ Kf8 20. Bxg5 Nh5 21. Qxe5 Ng7 22. Qxc5 Qe6 23. Bxe7+ Rxe7 24. N6f5 Rae8 25. Nxe7 Rxe7 26. Nf5 Nxf5 27. exf5 Qxf5 28. Rxe7 Qxc5 29. Re3 b4 30. cxb4 Qxb4 31. Rc3 Qb6 32. Rac1 Kg7 33. Rxc7 Qxb3 34. R1c2 a4 35. R7c3 Qe6 36. Rc4 Qf5 37. Kh2 Qe5+ 38. g3 Qf5 39. Rc5 Qe4 40. R5c4 Qf5 41. Kg2 Qd5+ 42. f3 Qd3 43. R4c3 Qd5 44. h4 f5 45. Rc7+ Kg6 46. R2c6+ Kh5 47. Rh7# 1-0

[Event "EU Union-ch U09 11th"]
[Site "Mureck"]
[Date "2013.08.04"]
[Round "5"]
[White "Katter, Katharina"]
[Black "Linhofer, Christoph"]
[Result "0-1"]
[WhiteElo "973"]
[BlackElo "1111"]
[PlyCount "112"]
[EventDate "2013.07.31"]
[EventType "swiss"]
[EventRounds "9"]
[EventCountry "AUT"]
[SourceTitle "CBM 155 Extra"]
[Source "ChessBase"]
[SourceDate "2013.08.26"]
[SourceVersion "1"]
[SourceVersionDate "2013.08.26"]
[SourceQuality "1"]

1. d4 d5 2. c4 e6 3. Nc3 Nf6 4. Nf3 Bd6 5. Bg5 0-0 6. e3 Nc6 7. Bxf6 Qxf6 8. Bd3 e5 9. cxd5 exd4 10. dxc6 dxc3 11. bxc3 bxc6 12. Qc2 Rb8 13. Bxh7+ Kh8 14. c4 Qxa1+ 15. Ke2 Qxh1 16. Ng5 f6 17. Nf3 Ba3 18. Qg6 Rb2+ 19. Kd3 Qd1+ 20. Ke4 f5+ 21. Kf4 Bd6+ 22. Kg5 Be7+ 23. Kf4 Qd6+ 24. Qxd6 cxd6 25. h4 d5 26. cxd5 c5 27. h5 c4 28. Bg6 c3 29. Nd4 Rb4 30. e4 fxe4+ 31. Kxe4 Rb2 32. Ke5 c2 33. Bxc2 Bf6+ 34. Ke4 Re8+ 35. Kd3 Rxa2 36. Bd1 a5 37. Bb3 Ba6+ 38. Kc3 Rc8+ 39. Bc4 Bxc4 40. d6 Ba6+ 41. Kb3 Bc4+ 42. Kc3 Ra3+ 43. Kc2 Bb3+ 44. Kd3 Bc2+ 45. Kd2 Bg5+ 46. Ke1 Ra1+ 47. Ke2 Bd1+ 48. Kd3 a4 49. Nb5 a3 50. d7 Bc2+ 51. Kd4 Rd8 52. Kc3 a2 53. Kb2 Bf6+ 54. Ka3 Ra8+ 55. Kb4 Rb1+ 56. Kc5 a1Q 0-1

[Event "AUT-ch U08"]
[Site "Linz"]
[Date "2013.06.02"]
[Round "7"]
[White "Linhofer, Christoph"]
[Black "Martic, Ivan"]
[Result "1-0"]
[WhiteElo "955"]
[BlackElo "925"]
[PlyCount "59"]
[EventDate "2013.05.31"]
[EventType "swiss"]
[EventRounds "7"]
[EventCountry "AUT"]
[SourceTitle "EXT 2015"]
[Source "ChessBase"]
[SourceDate "2014.11.20"]
[SourceVersion "1"]
[SourceVersionDate "2014.11.20"]
[SourceQuality "1"]

1. e4 e5 2. Nf3 Nc6 3. Bc4 Nf6 4. Ng5 d5 5. exd5 Na5 6. Bb3 h6 7. Nf3 Nxb3 8. cxb3 Nxd5 9. Nxe5 Qf6 10. Qe2 Be6 11. 0-0 0-0-0 12. d4 Be7 13. Nd2 Bd7 14. Ne4 Bb5 15. Qxb5 Qb6 16. Qc4 Rhf8 17. Bd2 f6 18. Ng6 Rf7 19. Nxe7+ Rxe7 20. Nc3 Rdd7 21. Rfe1 g5 22. Re2 Nf4 23. Bxf4 gxf4 24. Re4 f3 25. g3 Qd6 26. Rd1 f5 27. Rf4 Re8 28. Nb5 Rde7 29. Nxd6+ Kd7 30. Nxe8 1-0

[Event "AUT-ch U08"]
[Site "Linz"]
[Date "2013.06.01"]
[Round "4"]
[White "Linhofer, Christoph"]
[Black "Lauda, Dominik"]
[Result "1-0"]
[WhiteElo "955"]
[BlackElo "870"]
[PlyCount "39"]
[EventDate "2013.05.31"]
[EventType "swiss"]
[EventRounds "7"]
[EventCountry "AUT"]
[SourceTitle "EXT 2015"]
[Source "ChessBase"]
[SourceDate "2014.11.20"]
[SourceVersion "1"]
[SourceVersionDate "2014.11.20"]
[SourceQuality "1"]

1. e4 e5 2. Nf3 Nc6 3. Bc4 Nf6 4. Ng5 d5 5. exd5 Na5 6. d3 Bb4+ 7. c3 Bc5 8. 0-0 0-0 9. Nd2 Bg4 10. Ndf3 b6 11. Be3 Bxe3 12. fxe3 Qe7 13. h3 Bf5 14. Nh4 Bxh3 15. Nxh3 Rfe8 16. Nf5 Qd7 17. b4 Nb7 18. Qf3 c6 19. Qg3 cxd5 20. Qxg7# 1-0

[Event "AUT-ch U08"]
[Site "Linz"]
[Date "2013.05.31"]
[Round "1"]
[White "Morgunov, Marc"]
[Black "Linhofer, Christoph"]
[Result "1-0"]
[WhiteElo "1539"]
[BlackElo "955"]
[PlyCount "87"]
[EventDate "2013.05.31"]
[EventType "swiss"]
[EventRounds "7"]
[EventCountry "AUT"]
[SourceTitle "EXT 2015"]
[Source "ChessBase"]
[SourceDate "2014.11.20"]
[SourceVersion "1"]
[SourceVersionDate "2014.11.20"]
[SourceQuality "1"]

1. e4 e5 2. Nf3 Nc6 3. d4 f6 4. d5 Nb4 5. a3 Na6 6. Bd2 Nc5 7. Nc3 Bd6 8. Bc4 Nh6 9. 0-0 0-0 10. Re1 a6 11. b4 b5 12. bxc5 Bxc5 13. Bb3 Nf7 14. Be3 Bxe3 15. Rxe3 c6 16. dxc6 dxc6 17. Bxf7+ Kh8 18. Qxd8 Rxd8 19. Rd1 Rxd1+ 20. Nxd1 Bg4 21. Rd3 Rf8 22. Nc3 h6 23. Bg6 c5 24. Rd6 b4 25. axb4 cxb4 26. Na2 a5 27. Ra6 Rd8 28. h3 Bxf3 29. gxf3 Rd1+ 30. Kg2 Rd8 31. Rxa5 Rg8 32. Nxb4 h5 33. Nd5 f5 34. exf5 h4 35. Nc3 Rc8 36. Ne4 Kg8 37. Rxe5 Rf8 38. c4 Rc8 39. c5 Rf8 40. c6 Rc8 41. c7 Kf8 42. Re8+ Rxe8 43. Bxe8 Kxe8 44. c8Q+ 1-0